000 00777nam a2200253Ia 4500
003 OSt
005 20220928131438.0
006 a|||||r|||| 00| 0
007 ta
008 220927b |||||||| |||| 00| 0 eng d
020 _c395
024 _a110580
037 _b185, 28/12/2010, Pioneer Book Distributors
_cTextual
040 _aSDCL
_cSDCL
_beng
041 _2eng
_aeng
082 _aX90aR4, Q0
100 _aGupta Ananda Das
_9478159
245 0 _aEthics, business and society
_b Managing responsibly.
260 _aLos
_bAngeles Response
_c2010
300 _axxix,212p.
_ccm.
650 _aBusiness Economics
_9391653
942 _hX90aR4, Q0
_cTEXL
_2CC
999 _c790665
_d790665